00288nam a2200097 a 450000500170000000800410001705000250005810000250008324500610010865000210016920140414093845.0090925s19uu xx 00 eng d aVCD 791.43bSEE 2007 aCunningham, David L. aThe Seeker :bthe dark is rising /cDavid L. Cunningham. aMotion pictures.